EA FC 24 - Alle Premier League und BWSL TOTS - Statistiken

Allgemein
  • Dieses Quiz wurde 53 mal gespielt
  • Das Durchschnittsergebnis liegt bei 27 aus 50
Antwortstatistiken
Raiting Nation Verein TOTS Version Spieler*in % Korrekt
97 Norwegen Manchester City TOTS Erling Haaland
100%
96 Belgien Manchester City TOTS Moments Kevin De Bruyne
98%
97 Niederlande FC Liverpool TOTS Virgil van Dijk
98%
96 Spanien Manchester City TOTS Rodri
93%
95 Ägypten FC Liverpool TOTS Mohamed Salah
89%
94 Südkorea Tottenham Hotspurs TOTS Heung Min Son
84%
94 Brasilien FC Liverpool TOTS Alisson
82%
95 England FC Arsenal TOTS Bukayo Saka
82%
94 England FC Chelsea TOTS Cole Palmer
82%
96 England FC Arsenal TOTS Declan Rice
82%
94 Deutschland FC Arsenal TOTS Live Kai Havertz
82%
94 Norwegen FC Arsenal TOTS Martin Odegaard
82%
94 Kolumbien FC Liverpool TOTS Moments Luis Diaz
80%
94 Portugal Manchester United TOTS Live Bruno Fernandes
78%
94 Frankreich FC Arsenal TOTS William Saliba
73%
96 Australien FC Chelsea TOTS Moments Sam Kerr
69%
96 Jamaika Manchester City TOTS Plus Khadija Shaw
67%
97 England FC Chelsea TOTS Lauren James
64%
91 Brasilien FC Arsenal TOTS Gabriel
62%
94 England Manchester City TOTS Phil Foden
62%
92 Argentinien FC Liverpool TOTS Alexis Mac Allister
58%
94 Belgien Manchester City TOTS Live Jérémy Doku
56%
93 England Aston Villa TOTS Ollie Watkins
53%
92 Frankreich FC Chelsea TOTS Moments Christopher Nkunku
51%
92 Argentinien Tottenham Hotspurs TOTS Live Cristian Romero
51%
92 Ungarn FC Liverpool TOTS Live Dominik Szoboszlai
51%
92 Argentinien Manchester United TOTS Moments Alejandro Garnacho
49%
92 Frankreich FC Liverpool TOTS Ibrahima Konate
49%
90 Usa FC Fullham TOTS Live Antonee Robinson
47%
91 England FC Arsenal TOTS Ben White
44%
92 Argentinien Manchester City TOTS Julián Alvarez
44%
92 Ghana Westham United TOTS Live Mohammed Kudus
44%
95 England Manchester City TOTS Lauren Hemp
42%
94 England Manchester City TOTS Alex Greenwood
40%
91 Schottland Aston Villa TOTS Live John McGinn
40%
91 Brasilien Aston Villa TOTS Douglas Luiz
38%
90 Norwegen Brighton & Hove Albion TOTS Live Elisabeth Terland
33%
93 Frankreich Manchester United TOTS Moments Melvine Malard
33%
90 Ecuador Brighton & Hove Albion TOTS Moments Pervis Estupinan
33%
91 Irland FC Arsenal TOTS Katie McCabe
31%
92 England Manchester United TOTS Moments Kobbie Mainoo
29%
93 England Manchester City TOTS Chloe Kelly
24%
93 Kolumbien FC Chelsea TOTS Live Mayra Ramirez
24%
91 England FC Arsenal TOTS Moments Alessia Russo
22%
91 England Aston Villa TOTS Jarrod Bowen
22%
94 England FC Chelsea TOTS Niamh Charles
22%
91 England Manchester City TOTS Plus Khiara Keating
20%
90 England FC Arsenal TOTS Plus Lotte Wubben-Moy
20%
93 Spanien Manchester City TOTS Live Laia Aleixandri
16%
92 England Manchester United TOTS Plus Katie Zelem
13%
Keine übereinstimmenden Quizze gefunden
Verteilung der Resultate
Anzahl Personen mit jedem Resultat
Perzentil nach korrekt beantworteten Fragen
Ihre Resultats-Entwicklung
Sie haben dieses Quiz noch nicht gespielt